ARRUPE JESUIT UNIVERSITY

CORONAVIRUS -STOP THE SPREAD - CLEAN,DISINFECT,COVER

Reconstructing the cognitive world : (Record no. 130988)

MARC details
000 -LEADER
fixed length control field 01080cam a22003134a 4500
001 - CONTROL NUMBER
control field 13616991
003 - CONTROL NUMBER IDENTIFIER
control field ARRUPE
005 - DATE AND TIME OF LATEST TRANSACTION
control field 20211027101706.0
008 - FIXED-LENGTH DATA ELEMENTS--GENERAL INFORMATION
fixed length control field 040607s2005 mau bi 001 0 eng
010 ## - LIBRARY OF CONGRESS CONTROL NUMBER
LC control number 2004053881
020 ## - INTERNATIONAL STANDARD BOOK NUMBER
International Standard Book Number 0262232405 (alk. paper)
040 ## - CATALOGING SOURCE
Original cataloging agency DLC
Transcribing agency DLC
Modifying agency DLC
042 ## - AUTHENTICATION CODE
Authentication code pcc
050 00 - LIBRARY OF CONGRESS CALL NUMBER
Classification number BD418.3
Item number .W52 2005
082 00 - DEWEY DECIMAL CLASSIFICATION NUMBER
Classification number 153
Edition number 22
300 ## - PHYSICAL DESCRIPTION
Dimensions 24 cm.
100 1# - MAIN ENTRY--PERSONAL NAME
Personal name Wheeler, Michael,
Dates associated with a name 1960-
9 (RLIN) 22341
245 10 - TITLE STATEMENT
Title Reconstructing the cognitive world :
Remainder of title the next step /
Statement of responsibility, etc Michael Wheeler.
260 ## - PUBLICATION, DISTRIBUTION, ETC. (IMPRINT)
Place of publication, distribution, etc Cambridge, Mass. :
Name of publisher, distributor, etc MIT Press,
Date of publication, distribution, etc c2005.
300 ## - PHYSICAL DESCRIPTION
Extent xi, 340 p. ;
500 ## - GENERAL NOTE
General note "A Bradford book."
504 ## - BIBLIOGRAPHY, ETC. NOTE
Bibliography, etc Includes bibliographical references (p. [313]-331) and index.
600 10 - SUBJECT ADDED ENTRY--PERSONAL NAME
Personal name Descartes, René,
Dates associated with a name 1596-1650.
9 (RLIN) 4894
600 10 - SUBJECT ADDED ENTRY--PERSONAL NAME
Personal name Heidegger, Martin,
Dates associated with a name 1889-1976.
650 #0 - SUBJECT ADDED ENTRY--TOPICAL TERM
Topical term or geographic name as entry element Philosophy of mind.
650 #0 - SUBJECT ADDED ENTRY--TOPICAL TERM
Topical term or geographic name as entry element Cognitive science.
9 (RLIN) 2345
906 ## - LOCAL DATA ELEMENT F, LDF (RLIN)
a 7
b cbc
c orignew
d 1
e ocip
f 20
g y-gencatlg
942 ## - ADDED ENTRY ELEMENTS (KOHA)
Source of classification or shelving scheme Library of Congress Classification
Koha item type Monograph ( Printed materials)
Holdings
Withdrawn status Lost status Source of classification or shelving scheme Damaged status Not for loan Collection code Home library Current library Shelving location Date acquired Total Checkouts Full call number Barcode Date last seen Price effective from Koha item type
    Library of Congress Classification     Main Collection ARRUPE LIBRARY ARRUPE LIBRARY Main Collection 27/10/2021   BD418.3 .W52 2005 46600006952 27/10/2021 27/10/2021 Monograph ( Printed materials)

 

Arrupe Library. PO Box MP320 Mt Pleasant, Harare, Zimbabwe
263 242 745411|librarian@aju.ac.zw